| Tag |
First Indicator |
Second Indicator |
Subfields |
| LEADER |
00000cam a22000001i 4500 |
| 001 |
in00003965513 |
| 006 |
m d f |
| 007 |
cr bn mmmapmmp |
| 008 |
441025s1944 dcu o f000 0 eng d |
| 005 |
20250211002052.3 |
| 035 |
|
|
|a ebd1943003177
|
| 040 |
|
|
|a UMI
|c UMI
|e rda
|d UtOrBLW
|
| 086 |
0 |
|
|a Pr 32.5302:Up 2/944-2
|
| 099 |
|
|
|a Pr32.5302..Up2_944-2
|
| 110 |
1 |
|
|a United States.
|b War Shipping Administration.
|0 http://id.loc.gov/authorities/names/n91009410
|
| 245 |
1 |
4 |
|a The Story of Upgrading! "Earn while you learn"; Complete information on able-seaman, ship's cooks, and bakers and licensed officer U. S. Maritime Service upgrading courses.
|
| 264 |
|
1 |
|a [Washington] :
|b [s.n.],
|c 1944.
|
| 300 |
|
|
|a 1 online resource (52 pages), digital, PDF file
|
| 336 |
|
|
|a text
|b txt
|2 rdacontent
|
| 337 |
|
|
|a computer
|b c
|2 rdamedia
|
| 338 |
|
|
|a online resource
|b cr
|2 rdacarrier
|
| 500 |
|
|
|a Courses and training offered to learn additional maritime skill for promotion and better wages. Includes photo illustrations.
|
| 533 |
|
|
|a Electronic reproduction.
|b [Bethesda, Md.] :
|c ProQuest,
|d 2016
|e digital, PDF file.
|n ProQuest U.S. Executive Branch Documents
|n Mode of access: World Wide Web via ProQuest website.
|
| 588 |
|
|
|a Record is based on online resource; title from PDF title page (ProQuest, last viewed Nov. 2016). Reuse except for individual research requires license from ProQuest, LLC.
|
| 650 |
|
0 |
|a Occupational training.
|0 http://id.loc.gov/authorities/subjects/sh85093855
|
| 650 |
|
0 |
|a Career education.
|0 http://id.loc.gov/authorities/subjects/sh85020255
|
| 650 |
|
0 |
|a Vocational education.
|0 http://id.loc.gov/authorities/subjects/sh85144178
|
| 856 |
4 |
0 |
|u http://proxy.library.tamu.edu/login?url=http://congressional.proquest.com/congressional/docview/t66.d71.pr32.5302..up2_944-2?
|y Electronic resource (PDF)
|t 0
|
| 999 |
f |
f |
|s d1b131eb-561f-3768-966e-31c291ace7a8
|i f1cdeaa4-9613-3eda-ae58-a160ba903517
|t 0
|
| 952 |
f |
f |
|a Texas A&M University
|b College Station
|c Electronic Resources
|d Available Online
|t 0
|h No information provided
|
| 998 |
f |
f |
|t 0
|l Available Online
|